000 00850nam a2200205Ii 4500
003 JO-AjNU
008 230605s9999||||xx |||||||||||||| ||und||
040 _aJO-AjNU
_bara
_erda
_cJO-AjNU
041 _aara
050 1 4 _aBP144.N322 2004
100 3 _aالندوي، علي أحمد ؛ تقديم مصطفى الزرقا,
_eauthor
_928902
245 0 0 _aالقواعد الفقهية: مفهومها، نشأتها، تطورها، دراسة مؤلفاتها، أدلتها، مهمتها، تطبيقاتها
250 _aط6
264 3 1 _aدمشق: دار القلم، 2004
300 _a565ص
_bيتضمن ببلوغرافيا ص 469-565
336 _atext
_btxt
_2rdacontent
337 _aunmediated
_bn
_2rdamedia
338 _avolume
_bnc
_2rdacarrier
650 4 _aالقواعد الفقهية- اصول الفقه الاسلامي
_928903
999 _aA11269
_c14837
_d14837